| 000 | 00960nam a22002537a 4500 | ||
|---|---|---|---|
| 005 | 20241204114010.0 | ||
| 008 | 220525b ||||| |||| 00| 0 eng d | ||
| 020 | _a9789332539259 | ||
| 040 | _cAIMIT LIBRARY | ||
| 082 |
_21 _a005.74 _bMANM |
||
| 100 |
_aManoochehri, Michael _939004 |
||
| 245 |
_aData just right : _bintroduction to large-scale data & analytics / _cBy Michael Manoochehri |
||
| 250 | _a1st ed. | ||
| 260 |
_aNew Delhi : _bPearson Education , _c2020. |
||
| 300 |
_axii,215p ; _bPB _c23.5cm. |
||
| 650 |
_aDirectives in Big Data Era _939005 |
||
| 650 |
_aCollecting and sharing a lot of data _939006 |
||
| 650 |
_aStrategies for dealing with data sillos _939007 |
||
| 650 |
_aBuilding a data dashboard with google bigquery _939008 |
||
| 650 |
_aBuilding data pipelines _9187573 |
||
| 650 |
_aMachine learning for large datasets _9187574 |
||
| 650 |
_aStatistical analysis for massive datasets _9187575 |
||
| 942 |
_2ddc _cBK _e1st _k005.74 MANM |
||
| 999 |
_c223122 _d223122 |
||